Mikro - Imuno Seminár Doktorandov 2025 zborník prác

Bibliographic Details
Corporate Author: Mikro - Imuno Seminár Doktorandov Košice, Slovensko (Author)
Other Authors: Mudroňová, Dagmar, 1972- (Editor), Ratvaj, Marek, 1994- (Editor), Karaffová, Viera, 1981- (Reviewer), Hrčková, Gabriela, 1961- (Reviewer)
Format: Conference Proceeding Book
Language:Slovak
English
PhysicalDescription:73 strán fotografie, grafy 25 cm
Published: Košice Univerzita veterinárskeho lekárstva a farmácie 2025
ISBN:9788080778491
Subjects:

MARC

LEADER 00000nam a2200000 4500
003 SK-MaSNL
005 20260319095658.0
008 260319s2025 xo do f n 100 0 slo
015 |a   
020 |a 9788080778491  |q (brožované) 
038 |a SNK 
040 |a SNK  |b slo  |c SNK  |e rda 
041 0 |a slo  |a eng  |b   
044 |a xo  |c SK 
072 7 |a 636.09  |x Veterinárna medicína  |2 konspekt 
080 |a 579  |2 2011 
080 |a 616-097-092.19+577.27  |2 2011 
080 |a (062.534)  |2 2011 
111 2 |a Mikro - Imuno Seminár Doktorandov  |d (2025 :  |c Košice, Slovensko)  |4 aut  |9 742500 
245 1 0 |a Mikro - Imuno Seminár Doktorandov 2025  |b zborník prác  |c   
246 1 |i Podnázov v tiráži:  |a Zborník vedeckých prác : Košice 5. február 2025 
264 1 |a Košice  |b Univerzita veterinárskeho lekárstva a farmácie  |c 2025 
300 |a 73 strán  |b fotografie, grafy  |c 25 cm 
336 |a text  |b txt  |2 rdacontent 
337 |a bez média  |b n  |2 rdamedia 
338 |a zväzok  |b nc  |2 rdacarrier 
366 |e 100 kusov 
504 |a Obsahuje bibliografiu za jednotlivými príspevkami 
546 |a Text čiastočne anglicky 
650 0 7 |a mikrobiológia  |2 SNKPH  |9 3580 
650 0 7 |a imunológia  |2 SNKPH  |9 51082 
650 0 7 |a Microbiology  |2 SNKPHeng  |9 270714 
650 0 7 |a Immunology  |2 SNKPHeng  |9 270715 
655 7 |a zborníky konferencií  |2 SNKPH  |9 70153 
655 7 |a Proceedings of conferences  |2 SNKPHeng  |9 265791 
700 1 |a Mudroňová, Dagmar,  |d 1972-  |4 edt  |9 203761 
700 1 |a Ratvaj, Marek,  |d 1994-  |4 edt  |9 240439 
700 1 |a Karaffová, Viera,  |d 1981-  |4 rev  |9 236979 
700 1 |a Hrčková, Gabriela,  |d 1961-  |4 rev  |9 62586 
852 |a Slovenská národná knižnica 
919 |a 978-80-8077-849-1 
954 |a odborná, vedecká literatúra pôvodná (slovenská)  |2 lita 
954 |a odborná, vedecká literatúra cudzojazyčná (svetová)  |2 lita 
958 |a NB 
958 |a MI 
999 |c 3367821  |d 3369751 
952 |t 1  |a SNK  |b SNK  |y NEVYP  |7 1  |p 17A1584857  |o snkSC 213573  |i snk2026/3902  |8 0  |0 0  |1 0  |2 udc  |4 0  |d 2026-03-19  |l 0  |r 2026-03-19 09:57:48  |w 2026-03-19 
952 |t 2  |a SNK  |b SNK  |y VYP  |7 0  |p 17A1584858  |o snkSC 213573 D1  |i snk2026/3903  |8 0  |0 0  |1 0  |2 udc  |4 0  |d 2026-03-19  |l 0  |r 2026-03-19 09:57:00  |w 2026-03-19